| 000 | 01250cam a22003375a 4500 | ||
|---|---|---|---|
| 001 | 16616599 | ||
| 005 | 20110120113229.0 | ||
| 008 | 110120s2010 maua b 001 0 eng d | ||
| 010 | _a 2010284788 | ||
| 015 |
_aGBB0A6636 _2bnb |
||
| 016 | 7 |
_a015641734 _2Uk |
|
| 020 | _a160807076X | ||
| 020 | _a9781608070763 | ||
| 035 | _a(OCoLC)ocn606766648 | ||
| 040 |
_aBTCTA _beng _cBTCTA _dYDXCP _dOCLCQ _dUKM _dCDX _dDLC |
||
| 042 | _alccopycat | ||
| 082 | 0 | 4 |
_a621.38 _222 _bYAN |
| 100 | 1 |
_aYang, Samuel C. _923372 |
|
| 245 | 1 | 0 |
_aOFDMA System Analysis and Design / _cSamuel C. Yang. |
| 260 |
_aNorwood, MA : _bArtech House, 2010 _cc2010. |
||
| 300 |
_axv, 295 p. : _bill. ; _c27 cm. |
||
| 490 | 1 |
_aArtech House Mobile Communications Series _923334 |
|
| 504 | _aIncludes bibliographical references and index. | ||
| 650 | 0 |
_aOrthogonal frequency division multiplexing. _923373 |
|
| 650 | 0 |
_aWireless communication systems. _923374 |
|
| 653 |
_bEle _cApril2011 |
||
| 830 | 0 |
_aArtech House mobile communications library. _923375 |
|
| 942 |
_2ddc _cBB |
||
| 999 |
_c15188 _d15188 |
||